[Event "World Rapid 2018"]
[Site "St Petersburg RUS"]
[Date "2018.12.27"]
[Round "7.74"]
[White "Kryakvin, Dmitry"]
[Black "Chen, Qi b"]
[Result "1-0"]
[WhiteTitle "GM"]
[WhiteElo "2588"]
[BlackElo "2437"]
[WhiteFideId "4153278"]
[BlackFideId "8614733"]
[EventDate "2018.12.26"]

1. d4 Nf6 2. Bg5 d5 3. e3 Nbd7 4. Nd2 e6 5. Bd3 Be7 6. f4 c5 7. c3 h6 8. Bh4 b6
9. Ngf3 Bb7 10. Ne5 O-O 11. O-O Ne4 12. Bxe7 Qxe7 13. a4 Ndf6 14. a5 Nxd2 15.
Qxd2 c4 16. Bc2 b5 17. f5 exf5 18. Rxf5 Bc8 19. Rf4 Be6 20. Raf1 Nd7 21. Nc6 Qd6
22. Nb4 Rfe8 23. e4 f6 24. Qf2 Nf8 25. Qg3 dxe4 26. Bxe4 Rad8 27. Bc6 Bd7 28.
Bd5+ Kh8 29. Be4 Be6 30. Qh4 Bg8 31. Rg4 Bh7 32. Bc6 Re7 33. Bxb5 Rc8 34. Qg3
Qd8 35. Nc6 Rxc6 36. Bxc6 Bd3 37. Re1 Rxe1+ 38. Qxe1 f5 39. Rg3 Kh7 40. Be8 Be4
41. Bh5 Qxa5 42. Bf3 Bd3 43. h4 Qd8 44. h5 Nd7 45. Rg6 Nf6 46. Qe5 f4 47. Rxf6
Qxf6 48. Qxf6 gxf6 49. Kf2 Kg7 50. Be2 Be4 51. Bxc4 f5 52. g3 fxg3+ 53. Kxg3 Kf6
54. Kf4 a5 55. Bb3 Bd3 56. Bd1 Bc4 57. Bc2 Be6 58. Bd3 Bd5 59. c4 Bf7 60. c5 Be6
61. c6 a4 62. Ba6 1-0

[Event "World Rapid 2018"]
[Site "St Petersburg RUS"]
[Date "2018.12.27"]
[Round "7.76"]
[White "Fakhrutdinov, Timur"]
[Black "Gordievsky, Dmitry"]
[Result "1-0"]
[WhiteTitle "FM"]
[BlackTitle "GM"]
[WhiteElo "2481"]
[BlackElo "2614"]
[WhiteFideId "24176702"]
[BlackFideId "24112798"]
[EventDate "2018.12.26"]

1. e4 c5 2. Nf3 Nc6 3. d4 cxd4 4. Nxd4 Qb6 5. Nb3 Nf6 6. Nc3 e6 7. a3 Qc7 8. f4
d6 9. g4 h6 10. Qf3 a6 11. Be3 b5 12. h4 h5 13. g5 Ng4 14. Bh3 b4 15. axb4 Nxb4
16. O-O-O Bb7 17. Rd2 Rc8 18. Kb1 Be7 19. Bxg4 hxg4 20. Qxg4 a5 21. Nd4 Qc4 22.
f5 e5 23. f6 gxf6 24. gxf6 Bf8 25. Ndb5 Na2 26. Rhd1 Nxc3+ 27. Nxc3 a4 28. Rd3
d5 29. Qf5 Bd6 30. Rxd5 Bxd5 31. Rxd5 Rd8 32. Rxe5+ Bxe5 33. Qxe5+ Qe6 34. Qb5+
Qd7 35. Qe5+ Qe6 36. Qxe6+ fxe6 37. Bg5 Ra8 38. Nb5 Kf7 39. Nd6+ Kg6 40. f7 Rhf8
41. Be7 Rxf7 42. h5+ Kxh5 43. Nxf7 Ra7 44. Bd6 Rxf7 45. e5 Rf2 46. c4 Rf4 47. c5
Rc4 48. Ka2 Kg6 49. b3 axb3+ 50. Kxb3 Rc1 51. Kb4 Rb1+ 52. Kc4 Kf7 53. c6 Ke8
54. c7 Kd7 55. Kd4 Rc1 56. Ke4 Rc4+ 57. Kd3 Rc6 58. Ke4 Ke8 59. Kf4 Kf7 60. Kg5
Rc4 61. Kh5 Kg7 62. Kg5 Rc2 63. Kh5 Kf7 64. Kg5 Rg2+ 65. Kf4 Rg8 66. Ke4 Ra8 67.
Kd4 Ke8 68. Ke3 Kd7 69. Kf4 Rg8 70. Kf3 Kc6 71. Ke4 Kb5 72. Kd4 Rg4+ 73. Ke3 Rc4
74. Kd3 Rc1 75. Ke3 Rc6 76. Kf4 Kc4 77. Kg5 Kd5 78. Kf6 Rc2 79. Ke7 1-0

[Event "World Rapid 2018"]
[Site "St Petersburg RUS"]
[Date "2018.12.27"]
[Round "7.77"]
[White "Tang, Andrew"]
[Black "Vastrukhin, Oleg"]
[Result "1-0"]
[WhiteTitle "GM"]
[WhiteElo "2487"]
[BlackElo "2413"]
[WhiteFideId "2059630"]
[BlackFideId "4192770"]
[EventDate "2018.12.26"]

1. d4 g6 2. c4 Bg7 3. Nc3 c5 4. d5 Bxc3+ 5. bxc3 f5 6. h4 Nf6 7. h5 Rg8 8. hxg6
hxg6 9. Qa4 Qb6 10. Nf3 Qa6 11. Qb3 d6 12. Ng5 Nbd7 13. Ne6 Qa5 14. Bf4 Nh5 15.
g3 Ndf6 16. Bg2 Rb8 17. Bg5 Kf7 18. Bf3 b5 19. Kf1 Bd7 20. Kg2 Qa4 21. cxb5 Qxb5
22. Qc2 Qc4 23. Qd2 Bxe6 24. Rh4 Ne4 25. dxe6+ Qxe6 26. Bxe4 fxe4 27. Qe3 d5 28.
Qxc5 Rbc8 29. Qxa7 Rxc3 30. Rb1 Qe5 31. Bf4 Qf6 32. Rb6 Qxh4 33. gxh4 Nxf4+ 34.
Kh2 Rh8 35. e3 Ne2 36. Qd7 Rxh4+ 37. Kg2 Rh6 1-0

[Event "World Rapid 2018"]
[Site "St Petersburg RUS"]
[Date "2018.12.27"]
[Round "7.78"]
[White "Dzhumagaliev, Yan"]
[Black "Gaifullin, Artur"]
[Result "0-1"]
[WhiteTitle "FM"]
[BlackTitle "FM"]
[WhiteElo "2410"]
[BlackElo "2448"]
[WhiteFideId "24100110"]
[BlackFideId "24168653"]
[EventDate "2018.12.26"]

1. d4 Nf6 2. c4 e6 3. g3 d5 4. Nf3 Bb4+ 5. Bd2 Be7 6. Bg2 O-O 7. Qc2 Nbd7 8. O-O
Ne4 9. Bf4 c6 10. Nfd2 Nd6 11. c5 Nf5 12. Nb3 Bf6 13. Rd1 Nxd4 14. Nxd4 e5 15.
Nxc6 bxc6 16. Bd2 e4 17. Bc3 Bxc3 18. Nxc3 Qf6 19. b4 Ne5 20. Qd2 Bb7 21. Qf4
Qe6 22. b5 Rad8 23. a4 f5 24. bxc6 Bxc6 25. Nb5 Qe7 26. h4 Bxb5 27. axb5 Ng6 28.
Qg5 Qxc5 29. h5 Ne5 30. h6 Rd7 31. Bh3 Qxb5 32. Bxf5 Qxe2 33. Qf4 Re7 34. Rxd5
Nd3 35. Bxh7+ Kxh7 36. Qxf8 e3 37. Qf5+ g6 38. Qxd3 exf2+ 39. Kh1 Qxd3 40. Rxd3
Re1+ 0-1

[Event "World Rapid 2018"]
[Site "St Petersburg RUS"]
[Date "2018.12.27"]
[Round "7.79"]
[White "Kovalenko, Igor"]
[Black "Kazhgaleyev, Murtas"]
[Result "0-1"]
[WhiteTitle "GM"]
[BlackTitle "GM"]
[WhiteElo "2657"]
[BlackElo "2587"]
[WhiteFideId "14117908"]
[BlackFideId "13700316"]
[EventDate "2018.12.26"]

1. Nf3 d6 2. d4 Nf6 3. h3 g6 4. Bf4 Bg7 5. e3 O-O 6. Be2 c5 7. O-O Qb6 8. Nbd2
Be6 9. Ng5 Bf5 10. Nc4 Qc7 11. a4 cxd4 12. exd4 Nd5 13. Bg3 Nd7 14. c3 N7f6 15.
Re1 h6 16. Nf3 Ne4 17. Bh2 Rac8 18. Bf1 Nef6 19. Qb3 Be6 20. Qa3 Rfe8 21. Ncd2
Nb6 22. Rac1 Nc4 23. Nxc4 Bxc4 24. Bxc4 Qxc4 25. b3 Qd3 26. c4 g5 27. Qb4 b6 28.
Rcd1 Qg6 29. Qb5 Ne4 30. Re3 f5 31. Rde1 e6 32. Qb4 Rcd8 33. a5 h5 34. axb6 axb6
35. d5 g4 36. hxg4 hxg4 37. Nd2 Nxd2 38. Qxd2 e5 39. f4 e4 40. Bg3 Bf6 41. Rd1
Qg7 42. Re2 Ra8 43. Qe3 Ra6 44. Bf2 Rea8 45. g3 Kf7 46. Qd2 Rh8 47. Be3 Ra3 48.
Qc2 Qh6 49. Rg2 Ra1 50. Rc1 Rxc1+ 51. Qxc1 Qh1+ 52. Kf2 Qxc1 53. Bxc1 Rh1 54.
Be3 Rb1 55. Bxb6 Rxb3 56. Be3 Rc3 57. Rh2 Rc2+ 58. Kg1 Rxc4 59. Rh7+ Bg7 60. Rh5
Bf6 61. Rh7+ Kf8 62. Rd7 Be7 63. Rb7 Rc3 64. Kf2 Rd3 65. Rb5 Bf6 66. Rb8+ Kf7
67. Rb7+ Ke8 68. Rb5 Bd4 69. Bxd4 Rxd4 70. Ra5 Rd2+ 71. Kf1 Rd3 72. Kf2 Kd8 73.
Rb5 Kc7 74. Kg2 Rd2+ 75. Kf1 Rc2 76. Rb1 Rc5 77. Rd1 Rc3 78. Kf2 Kb6 79. Rh1 Rd3
80. Rh8 Rxd5 81. Rf8 Kc5 82. Ke3 Kc4 83. Rc8+ Rc5 84. Rd8 Kd5 85. Rf8 Rc3+ 86.
Kf2 e3+ 87. Ke2 Ke4 88. Re8+ Kd4 0-1

[Event "World Rapid 2018"]
[Site "St Petersburg RUS"]
[Date "2018.12.27"]
[Round "7.80"]
[White "Hirneise, Tobias"]
[Black "Jones, Gawain C B"]
[Result "0-1"]
[WhiteTitle "IM"]
[BlackTitle "GM"]
[WhiteElo "2464"]
[BlackElo "2682"]
[WhiteFideId "24600881"]
[BlackFideId "409561"]
[EventDate "2018.12.26"]

1. d4 g6 2. e4 d6 3. Nc3 Nf6 4. g3 Bg7 5. Bg2 O-O 6. Nge2 Nbd7 7. O-O c5 8. h3
Rb8 9. a4 b6 10. Be3 a6 11. Re1 cxd4 12. Bxd4 Bb7 13. Nd5 e5 14. Be3 Nxd5 15.
exd5 f5 16. Qd2 f4 17. gxf4 Qh4 18. c4 Rbe8 19. Rac1 Nc5 20. fxe5 Nb3 21. Qb4
Nxc1 22. Rxc1 Bxe5 23. Bxb6 Bc8 24. Qb3 Rf5 25. Ng3 Rg5 26. Kh2 Bxh3 27. Bxh3
Bxg3+ 0-1

[Event "World Rapid 2018"]
[Site "St Petersburg RUS"]
[Date "2018.12.27"]
[Round "7.81"]
[White "Moiseenko, Vadim"]
[Black "Apryshko, Gleb"]
[Result "1-0"]
[WhiteTitle "GM"]
[BlackTitle "FM"]
[WhiteElo "2501"]
[BlackElo "2385"]
[WhiteFideId "4123700"]
[BlackFideId "24131792"]
[EventDate "2018.12.26"]

1. Nf3 Nf6 2. c4 e6 3. Nc3 a6 4. d4 c5 5. d5 exd5 6. Nxd5 Nxd5 7. Qxd5 d6 8. Ng5
Qe7 9. Bf4 Be6 10. Qe4 Nc6 11. O-O-O Rd8 12. e3 g6 13. h4 Bf5 14. Qxe7+ Bxe7 15.
h5 h6 16. hxg6 fxg6 17. Nf3 h5 18. Nh4 Bxh4 19. Rxh4 Ne5 20. Rxd6 Nd3+ 21. Bxd3
Bxd3 22. b3 Rh7 23. Re6+ Kd7 24. Re5 Kc6 25. Bg5 Rdd7 26. Rf4 Rhf7 27. Re6+ Kc7
28. Rxf7 Rxf7 29. Bf4+ Kc8 30. Re8+ Kd7 31. Re5 Rf5 32. Kd2 Rxe5 33. Bxe5 Bb1
34. a3 Ke6 35. Bb8 g5 36. f3 Bg6 37. e4 Kd7 38. a4 Ke6 39. Ke3 Be8 40. Bc7 Kd7
41. Bb6 Kc6 42. Bd8 g4 43. f4 b5 44. a5 Bf7 45. Kd3 Bg6 46. g3 Kd7 47. Bg5 Kc6
48. Be7 Bf7 49. f5 Bg8 50. e5 Bh7 51. Ke4 bxc4 52. bxc4 Kd7 53. Bg5 1-0

[Event "World Rapid 2018"]
[Site "St Petersburg RUS"]
[Date "2018.12.27"]
[Round "7.82"]
[White "Tregubov, Pavel V."]
[Black "Lomasov, Semyon"]
[Result "1/2-1/2"]
[WhiteTitle "GM"]
[BlackTitle "IM"]
[WhiteElo "2592"]
[BlackElo "2553"]
[WhiteFideId "4115341"]
[BlackFideId "24164879"]
[EventDate "2018.12.26"]

1. d4 Nf6 2. c4 e6 3. Nc3 Bb4 4. e3 b6 5. Bd3 Bb7 6. Nf3 Ne4 7. Bd2 Bxc3 8. Bxc3
Nxc3 9. bxc3 d6 10. O-O c5 11. d5 Nd7 12. e4 e5 13. a4 a5 14. g3 Qe7 15. Rb1 Kd8
16. Qd2 Kc7 17. Rb2 Ba6 18. Rfb1 Rab8 19. Bf1 Kb7 20. Bh3 Ka7 21. Qe2 Nf6 22.
Ne1 g6 23. Nc2 h5 24. Na3 h4 25. Bg2 hxg3 26. fxg3 Rh7 27. Nb5+ Bxb5 28. Rxb5
Nd7 29. Qg4 Rbh8 30. h4 Rg7 31. Rf1 Kb7 32. Rb2 Kc7 33. Rbf2 f5 34. Qg5 Qxg5 35.
hxg5 f4 36. Bf3 Rh3 37. Rg2 Rgh7 38. Kf2 Rh2 39. Bg4 fxg3+ 40. Kxg3 Rxg2+ 41.
Kxg2 Kd8 42. Kg3 Kc7 43. Be6 Kd8 44. Kg4 Kc7 45. Bf7 Rg7 46. Be6 Rh7 47. Bf7 Rg7
48. Rf2 Kd8 49. Be6 Rh7 50. Rf1 1/2-1/2

[Event "World Rapid 2018"]
[Site "St Petersburg RUS"]
[Date "2018.12.27"]
[Round "7.83"]
[White "Steinberg, Nitzan"]
[Black "Vaisser, Anatoli"]
[Result "1/2-1/2"]
[WhiteTitle "GM"]
[BlackTitle "GM"]
[WhiteElo "2532"]
[BlackElo "2505"]
[WhiteFideId "2801795"]
[BlackFideId "603252"]
[EventDate "2018.12.26"]

1. e4 e6 2. d4 d5 3. e5 c5 4. c3 Qb6 5. Nf3 Nc6 6. Na3 cxd4 7. cxd4 Bb4+ 8. Bd2
Nge7 9. Bxb4 Qxb4+ 10. Qd2 Qxd2+ 11. Kxd2 a6 12. Nc2 f6 13. Bd3 fxe5 14. Nxe5
Nxe5 15. dxe5 O-O 16. Raf1 Bd7 17. f4 Nc6 18. h4 g6 19. Rh3 Rf7 20. h5 Raf8 21.
hxg6 hxg6 22. Rhf3 g5 23. Rg3 Rg7 24. fxg5 Rxf1 25. Bxf1 Nxe5 26. Nd4 Kf7 27.
Ke3 Ke7 28. Be2 Be8 29. Nf3 Nc6 30. Nh4 Bg6 31. Nxg6+ Rxg6 32. Kf4 Rg7 33. Bh5
Nd4 34. Re3 Nc6 35. g4 Rg8 36. g6 Kf6 37. g5+ Ke7 38. Re1 Kd6 39. g7 Rxg7 40. g6
Ke7 41. Kg5 Rg8 42. Bg4 e5 43. Rh1 e4 44. Rh7+ Kd6 45. Rd7+ Ke5 46. g7 d4 47.
Kg6 Kf4 48. Be6 Ne5+ 49. Kh7 Nxd7 50. Kxg8 Nf6+ 51. Kf7 Ke5 52. a4 b5 53. axb5
axb5 54. Bd7 b4 55. b3 d3 56. Bb5 Kf5 57. Bc4 Ke5 58. Bb5 d2 59. Be2 e3 60. Bd1
Kf5 61. Be2 1/2-1/2

[Event "World Rapid 2018"]
[Site "St Petersburg RUS"]
[Date "2018.12.27"]
[Round "7.84"]
[White "Zhigalko, Andrey"]
[Black "Bilguun, Sumiya"]
[Result "1/2-1/2"]
[WhiteTitle "GM"]
[BlackTitle "IM"]
[WhiteElo "2545"]
[BlackElo "2497"]
[WhiteFideId "13502247"]
[BlackFideId "4901541"]
[EventDate "2018.12.26"]

1. e4 c5 2. Nf3 e6 3. d4 cxd4 4. Nxd4 a6 5. Nc3 Qc7 6. Bd3 g6 7. Be3 Bg7 8. Qd2
Nf6 9. Bh6 Bxh6 10. Qxh6 Ng4 11. Qh4 h5 12. Be2 Qe5 13. Nf3 Qg7 14. h3 Ne5 15.
Nxe5 Qxe5 16. f4 Qd4 17. Rd1 Qc5 18. e5 Nc6 19. Bf3 Qe7 20. Qf2 g5 21. Ne4 gxf4
22. Nd6+ Kf8 23. Bxc6 dxc6 24. O-O Qg5 25. Qxf4 Qxf4 26. Rxf4 Rh7 27. Rdf1 f5
28. exf6 Bd7 29. Nxb7 e5 30. Re4 Bxh3 31. Nc5 Bg4 32. Rxe5 a5 33. Ne6+ Bxe6 34.
Rxe6 Rc8 35. Rf5 a4 36. Rc5 Rb7 37. b3 axb3 38. axb3 Kf7 39. Rexc6 Rh8 40. Kf2
h4 41. Rc7+ Rxc7 42. Rxc7+ Kxf6 43. b4 Ke5 44. c4 h3 45. gxh3 Rxh3 46. b5 Rb3
47. Rc6 Kd4 48. b6 Rh3 49. c5 Rh8 50. b7 Rf8+ 51. Kg3 Rb8 52. Rc7 1/2-1/2

[Event "World Rapid 2018"]
[Site "St Petersburg RUS"]
[Date "2018.12.27"]
[Round "7.85"]
[White "Pogosyan, Stefan"]
[Black "Sokolin, Leonid"]
[Result "1-0"]
[WhiteTitle "FM"]
[BlackTitle "IM"]
[WhiteElo "2365"]
[BlackElo "2508"]
[WhiteFideId "34159867"]
[BlackFideId "2009161"]
[EventDate "2018.12.26"]

1. d4 Nf6 2. c4 d6 3. Nc3 e5 4. Nf3 exd4 5. Nxd4 g6 6. g3 Nc6 7. Nxc6 bxc6 8.
Bg2 Bd7 9. b3 Bg7 10. Bb2 O-O 11. O-O Re8 12. Qd2 Rb8 13. e4 h5 14. h3 Qc8 15.
Kh2 a5 16. Rae1 c5 17. f4 Bc6 18. Nd5 Bxd5 19. cxd5 h4 20. g4 Nd7 21. Bxg7 Kxg7
22. Qxa5 Rb4 23. e5 Qb7 24. e6 Nf6 25. Qa3 Rd4 26. Qb2 Qb4 27. f5 gxf5 28. Qf2
Rxg4 29. Qxf5 Rg6 30. Re2 fxe6 31. dxe6 Qd4 32. e7 Qc3 33. Bc6 Qg3+ 34. Kh1 Rh8
35. Rg2 Rh5 36. Qxf6+ Rxf6 37. Rxg3+ hxg3 38. Rxf6 1-0

[Event "World Rapid 2018"]
[Site "St Petersburg RUS"]
[Date "2018.12.27"]
[Round "7.86"]
[White "Zubritskiy, Artyom"]
[Black "Oganian, Miran"]
[Result "0-1"]
[WhiteTitle "IM"]
[BlackTitle "IM"]
[WhiteElo "2442"]
[BlackElo "2423"]
[WhiteFideId "4181247"]
[BlackFideId "4122488"]
[EventDate "2018.12.26"]

1. c4 Nf6 2. g3 e6 3. Bg2 d5 4. Nf3 d4 5. O-O c5 6. b4 cxb4 7. a3 Nc6 8. d3 a5
9. Bb2 bxa3 10. Nxa3 Bc5 11. Nd2 e5 12. Nb3 Be7 13. Nb5 O-O 14. Qc2 Bf5 15. h3
h5 16. f4 Qd7 17. fxe5 Nxe5 18. Bxd4 Nc6 19. Kh2 a4 20. Bxc6 bxc6 21. Nc5 Bxc5
22. Bxc5 cxb5 23. Bxf8 Rxf8 24. cxb5 Bxh3 25. Rxf6 gxf6 26. Rxa4 Bf1 27. Rh4 Re8
28. e4 Qxd3 29. Qf2 Qe2 0-1

[Event "World Rapid 2018"]
[Site "St Petersburg RUS"]
[Date "2018.12.27"]
[Round "7.87"]
[White "Vlassov, Nikolai"]
[Black "Tsoi, Dmitry"]
[Result "1-0"]
[WhiteTitle "IM"]
[BlackTitle "FM"]
[WhiteElo "2401"]
[BlackElo "2424"]
[WhiteFideId "4103360"]
[BlackFideId "24194697"]
[EventDate "2018.12.26"]

1. e4 e5 2. Bc4 Nf6 3. d3 Bc5 4. Nf3 d6 5. Bg5 h6 6. Bh4 Nbd7 7. Nbd2 Nf8 8. c3
Ng6 9. Bg3 Bb6 10. d4 Qe7 11. dxe5 dxe5 12. Qe2 c6 13. O-O-O Nh5 14. Ne1 Nhf4
15. Qf3 h5 16. h3 h4 17. Bh2 Be6 18. Nc2 Qg5 19. Ne3 Qh5 20. Ng4 Bxg4 21. hxg4
Qg5 22. Kc2 O-O 23. g3 hxg3 24. fxg3 Ne6 25. Bg1 Qf6 26. Qf5 Rfd8 27. Bxb6 axb6
28. Nf3 Rxd1 29. Rxd1 b5 30. Bxe6 fxe6 31. Qxf6 gxf6 32. Rd7 Ra4 33. Nd2 Rxa2
34. Rxb7 Ra1 35. Rc7 Rg1 36. Rxc6 Kf7 37. Rc7+ Kf8 38. b4 Rxg3 39. c4 Ke8 40.
cxb5 Kd8 41. Rf7 Nf4 42. b6 Nd3 43. b5 Nc5 44. b7 Nxb7 45. Rxb7 Rxg4 46. Rf7 f5
47. b6 Kc8 48. Nc4 Rg8 49. Nxe5 1-0

[Event "World Rapid 2018"]
[Site "St Petersburg RUS"]
[Date "2018.12.27"]
[Round "7.88"]
[White "Drygalov, Andrey"]
[Black "Borisenko, Viacheslav"]
[Result "0-1"]
[WhiteTitle "IM"]
[BlackTitle "IM"]
[WhiteElo "2481"]
[BlackElo "2289"]
[WhiteFideId "24171735"]
[BlackFideId "14115824"]
[EventDate "2018.12.26"]

1. e4 c5 2. Nf3 e6 3. d4 cxd4 4. Nxd4 Nf6 5. Nc3 Nc6 6. Nxc6 bxc6 7. e5 Nd5 8.
Ne4 Bb7 9. c4 Nb4 10. Nc3 c5 11. Be3 a6 12. Qd2 Qc7 13. f4 d6 14. exd6 Bxd6 15.
a3 Nc6 16. Bd3 Nd4 17. Qf2 O-O 18. O-O g6 19. Rad1 Rfd8 20. b4 Be7 21. Be4 cxb4
22. axb4 Bxe4 23. Bxd4 Bb7 24. Bb6 Qxc4 25. Bxd8 Rxd8 26. Rxd8+ Bxd8 27. Rc1 Bf6
28. Ne2 Qxb4 29. h4 h5 30. Kh2 a5 31. Rc7 Qe4 32. Ng3 Qd5 33. Qf3 Qxf3 34. gxf3
Bxf3 35. Ra7 Bc3 36. Nf1 Kg7 37. Rc7 Be1 38. Ra7 Be4 39. Ng3 Bd3 40. Kg2 Bc2 41.
Kf3 a4 42. Ne4 Bxe4+ 43. Kxe4 Bxh4 44. Rxa4 Bg3 45. Kf3 Be1 46. Ra1 Bc3 47. Ra3
Bb2 48. Ra2 Bf6 49. Ra7 e5 50. fxe5 Bxe5 51. Ke4 Bg3 52. Kf3 Bd6 53. Ra6 Be7 54.
Kf4 Bf6 55. Rb6 Bd4 56. Rb4 Bg1 57. Rc4 Bh2+ 58. Kf3 f5 59. Rc2 Be5 60. Rc5 Kf6
61. Rc6+ Kg5 62. Re6 Bf4 63. Re1 h4 64. Rg1+ Bg3 65. Ra1 Be5 66. Ra5 Bc7 67. Ra7
Bg3 68. Ra8 Kh6 69. Ra5 Kg5 70. Rb5 Kf6 71. Rb6+ Kf7 72. Rb7+ Ke6 73. Rb4 g5 74.
Ra4 Bd6 75. Rd4 h3 76. Rd3 g4+ 77. Kf2 f4 78. Rc3 Be5 79. Rd3 Kf5 80. Rd1 Bf6
81. Rd7 Ke4 82. Rh7 Bd4+ 83. Kf1 Kf3 84. Rh6 Be3 85. Rh7 Kg3 86. Rh8 h2 87. Rh7
f3 88. Rh5 Bg5 0-1

[Event "World Rapid 2018"]
[Site "St Petersburg RUS"]
[Date "2018.12.27"]
[Round "7.89"]
[White "Gurvich, Vitaly"]
[Black "Belyakov, Bogdan"]
[Result "0-1"]
[WhiteTitle "FM"]
[BlackTitle "IM"]
[WhiteElo "2270"]
[BlackElo "2459"]
[WhiteFideId "24164852"]
[BlackFideId "24104795"]
[EventDate "2018.12.26"]

1. d4 Nf6 2. c4 g6 3. Nc3 Bg7 4. e4 d6 5. Be2 O-O 6. Bg5 h6 7. Be3 c5 8. d5 e6
9. Nf3 Ng4 10. Bd2 f5 11. h3 Nf6 12. exf5 exf5 13. Qc2 Ne4 14. h4 Nxd2 15. Qxd2
Nd7 16. O-O-O Nf6 17. Bd3 a6 18. h5 Ne4 19. Nxe4 fxe4 20. Bxe4 g5 21. Qd3 b5 22.
Nd2 Qf6 23. Qc2 Rb8 24. f3 Bd7 25. Bh7+ Kh8 26. Bd3 bxc4 27. Nxc4 Bb5 28. b3 a5
29. a4 Bxc4 30. Bxc4 Rfe8 31. Rhe1 Qa1+ 32. Kd2 Qd4+ 33. Kc1 Qh4 34. Re4 Qxh5
35. Rde1 Re5 36. Rxe5 Bxe5 37. Qf5 Qh2 38. Bd3 Qf4+ 39. Qxf4 gxf4 40. Kc2 Rg8
41. Re2 Kg7 42. Bf5 Kf6 43. Be6 Rb8 44. Bd7 Kg5 45. Bb5 Kh4 46. Kd3 Kg3 47. Ke4
Rf8 48. Bd7 h5 49. Rc2 h4 50. Bb5 Bd4 51. Bd7 Rf7 52. Bb5 Re7+ 53. Kf5 Re5+ 54.
Kg6 Rxd5 55. Bd7 Re5 56. Bh3 Re3 57. Bg4 Rxb3 58. Kf5 Ra3 59. Ke6 Be5 60. Kd5
Rxa4 61. Bh3 Rb4 0-1

[Event "World Rapid 2018"]
[Site "St Petersburg RUS"]
[Date "2018.12.27"]
[Round "7.90"]
[White "Carlsson, Pontus"]
[Black "Shubin, Kirill"]
[Result "1-0"]
[WhiteTitle "GM"]
[BlackTitle "FM"]
[WhiteElo "2463"]
[BlackElo "2334"]
[WhiteFideId "1705814"]
[BlackFideId "34119962"]
[EventDate "2018.12.26"]

1. e4 e6 2. d4 d5 3. Nd2 Be7 4. Bd3 c5 5. dxc5 Nf6 6. Qe2 O-O 7. Ngf3 a5 8. c3
Na6 9. e5 Nd7 10. Nb3 Naxc5 11. Nxc5 Nxc5 12. Bc2 b6 13. Bf4 f5 14. exf6 Bxf6
15. Ne5 Qe8 16. O-O-O Ra7 17. Rhe1 a4 18. a3 Be7 19. Bg3 Nb3+ 20. Kb1 Bc5 21.
Nd3 Qf7 22. Bxb3 axb3 23. Nxc5 bxc5 24. Bd6 Qg6+ 25. Ka1 Rf5 26. Bxc5 Rc7 27.
Bd6 Rc6 28. Be5 Ba6 29. Qe3 Rf7 30. g3 Bc4 31. Bd4 Ra6 32. Rd2 Rb7 33. Bc5 Qf7
34. f4 h5 35. Qe5 Rb5 36. Bb4 g6 37. h3 Qf5 38. Qc7 Rbb6 39. Bc5 Rc6 40. Qd8+
Kh7 41. Bd4 e5 42. Rxe5 Re6 43. Rxe6 1-0

[Event "World Rapid 2018"]
[Site "St Petersburg RUS"]
[Date "2018.12.27"]
[Round "7.91"]
[White "Ovchinnikov, Vsevolod"]
[Black "Zablotsky, Sergei"]
[Result "0-1"]
[WhiteTitle "FM"]
[BlackTitle "GM"]
[WhiteElo "2329"]
[BlackElo "2511"]
[WhiteFideId "24176842"]
[BlackFideId "4131606"]
[EventDate "2018.12.26"]

1. d4 d6 2. Nf3 g6 3. c4 Bg7 4. Nc3 e5 5. dxe5 dxe5 6. Qxd8+ Kxd8 7. Bg5+ f6 8.
O-O-O+ Nd7 9. Bd2 Nh6 10. g3 c6 11. Bh3 Kc7 12. b3 Nf7 13. Kc2 Re8 14. Bc1 a5
15. Ba3 e4 16. Nd4 f5 17. f3 exf3 18. exf3 Re3 19. Bc1 Rxc3+ 20. Kxc3 c5 21.
Bf4+ Kb6 22. Be3 Nf8 23. Kc2 f4 24. Bxc8 Rxc8 25. gxf4 cxd4 26. Bxd4+ Bxd4 27.
Rxd4 Rc5 28. Re1 Rc6 29. Re7 Rf6 30. Rde4 Kc6 31. Re8 Nd6 32. R8e5 Nxe4 33. fxe4
Rxf4 34. Rxa5 Rxe4 35. Kd3 Rh4 36. b4 Nd7 37. Rd5 Rxh2 38. a4 Rh3+ 39. Kd4 Rh4+
40. Kd3 Rh3+ 41. Kc2 b6 42. a5 bxa5 43. Rxa5 Nb6 44. Rc5+ Kd6 45. Kd2 h6 46. Kc2
g5 47. Kd2 Rb3 48. Rf5 Nxc4+ 49. Kc2 Ne3+ 0-1

[Event "World Rapid 2018"]
[Site "St Petersburg RUS"]
[Date "2018.12.27"]
[Round "7.92"]
[White "Mikhalevski, Victor"]
[Black "Dubrovin, Robert"]
[Result "1-0"]
[WhiteTitle "GM"]
[WhiteElo "2579"]
[BlackElo "2220"]
[WhiteFideId "2801914"]
[BlackFideId "4501829"]
[EventDate "2018.12.26"]

1. Nf3 Nf6 2. d4 g6 3. g3 Bg7 4. Bg2 O-O 5. O-O d6 6. b3 Nbd7 7. Bb2 e5 8. dxe5
Ng4 9. Qd2 dxe5 10. h3 Nh6 11. e4 f6 12. Rd1 Nf7 13. Nc3 c6 14. a4 a5 15. Qe2
Qc7 16. Nd2 b6 17. Nc4 Re8 18. Ba3 Ba6 19. Bf1 Rad8 20. h4 Bh6 21. Qf3 Kg7 22.
Nd6 Nxd6 23. Bxd6 Qa7 24. Bxa6 Qxa6 25. Bc7 Qb7 26. Bxd8 Rxd8 27. Rd6 Rf8 28.
Rad1 Nc5 29. Qg4 Rf7 30. h5 Re7 31. Kg2 Qa8 32. hxg6 hxg6 33. Rd8 Qb7 34. Rg8+ 1-0

[Event "World Rapid 2018"]
[Site "St Petersburg RUS"]
[Date "2018.12.27"]
[Round "7.93"]
[White "Yeritsyan, Aram"]
[Black "Vishnu Prasanna, V"]
[Result "0-1"]
[WhiteTitle "FM"]
[BlackTitle "GM"]
[WhiteElo "2372"]
[BlackElo "2518"]
[WhiteFideId "34161047"]
[BlackFideId "5030692"]
[EventDate "2018.12.26"]

1. e4 c6 2. d4 d5 3. e5 Bf5 4. h4 h6 5. g4 Bd7 6. h5 e6 7. f4 c5 8. Nf3 Qb6 9.
c3 Nc6 10. Rh2 Rc8 11. Be3 cxd4 12. Nxd4 Bc5 13. Rd2 f6 14. a4 a6 15. a5 Qa7 16.
b4 Bxd4 17. Bxd4 Nxd4 18. cxd4 fxe5 19. fxe5 Ne7 20. Na3 Rf8 21. b5 axb5 22.
Bxb5 Qxa5 23. Nc4 Rf1+ 24. Kxf1 Qxb5 25. Kg1 dxc4 26. d5 c3 27. Rf2 Qxd5 28. Qf1
Bb5 29. Qe1 c2 30. Rc1 Qd4 31. Kh2 Qxg4 32. Rcxc2 Qxh5+ 33. Kg1 Rxc2 34. Rxc2
Bc6 35. Qc3 Nd5 36. Qd4 Ne7 37. Rd2 Bd5 38. Qa4+ Kf7 39. Qf4+ Kg8 40. Rh2 Qd1+
41. Kf2 Ng6 42. Qe3 Qa1 43. Rh5 Qb2+ 44. Ke1 b5 45. Qg3 Qc1+ 46. Ke2 Nf4+ 0-1

[Event "World Rapid 2018"]
[Site "St Petersburg RUS"]
[Date "2018.12.27"]
[Round "7.94"]
[White "Makoveev, Ilya"]
[Black "Makarov, Marat"]
[Result "1-0"]
[WhiteTitle "FM"]
[BlackTitle "GM"]
[WhiteElo "2257"]
[BlackElo "2505"]
[WhiteFideId "34155748"]
[BlackFideId "4101103"]
[EventDate "2018.12.26"]

1. e4 c5 2. Nf3 d6 3. d4 cxd4 4. Nxd4 Nf6 5. Nc3 a6 6. f3 e5 7. Nb3 Be6 8. Be3
Be7 9. Qd2 O-O 10. O-O-O Qc7 11. g4 Rc8 12. Kb1 d5 13. exd5 Nxd5 14. Nxd5 Bxd5
15. Qf2 Qc6 16. Bd3 a5 17. Nd2 Na6 18. a3 Nc5 19. Bxc5 Bxc5 20. Qh4 h6 21. Ne4
Qb6 22. Nxc5 Rxc5 23. Rhf1 Bc4 24. Qf2 Bxd3 25. Rxd3 Rac8 26. Rfd1 Qc6 27. R1d2
Qe6 28. Qe3 R5c6 29. Qe4 g6 30. h4 Qf6 31. h5 g5 32. Rd5 Rc4 33. Qxe5 Qxe5 34.
Rxe5 b6 35. c3 R4c6 36. Kc2 Rf6 37. Rd3 Kg7 38. Kd2 Rc7 39. Ke3 Rfc6 40. Rd4 Kf6
41. Rf5+ Kg7 42. Kd3 Re6 43. Re4 Rd6+ 44. Rd4 Re6 45. Kd2 Rce7 46. Kc2 Re2+ 47.
Rd2 R2e5 48. Rxe5 Rxe5 49. c4 b5 50. Rd5 Rxd5 51. cxd5 Kf6 52. a4 bxa4 53. Kd3
Ke5 54. Kc4 Kd6 55. Kd4 1-0